<?xml version="1.0" encoding="UTF-8"?>
<collection xmlns="http://www.loc.gov/MARC21/slim">
 <record>
  <leader>00690cam a2200217 7i4500</leader>
  <controlfield tag="001">0000100658</controlfield>
  <controlfield tag="005">20130321090000.0</controlfield>
  <controlfield tag="008">130321c1991    enka             q  eng   </controlfield>
  <datafield tag="022" ind1="#" ind2="#">
   <subfield code="a">09603166</subfield>
  </datafield>
  <datafield tag="090" ind1="0" ind2="0">
   <subfield code="a">QL 614 </subfield>
   <subfield code="b">.R4</subfield>
  </datafield>
  <datafield tag="222" ind1="0" ind2="0">
   <subfield code="a">Reviews in fish biology and fisheries</subfield>
  </datafield>
  <datafield tag="245" ind1="0" ind2="0">
   <subfield code="a">Reviews in fish biology and fisheries.</subfield>
  </datafield>
  <datafield tag="260" ind1="#" ind2="#">
   <subfield code="a">London: </subfield>
   <subfield code="b">Chapman &amp; Hall, </subfield>
   <subfield code="c">991-</subfield>
  </datafield>
  <datafield tag="300" ind1="#" ind2="#">
   <subfield code="a">v.: </subfield>
   <subfield code="b">ill.; </subfield>
   <subfield code="c">25 cm.</subfield>
  </datafield>
  <datafield tag="500" ind1="#" ind2="#">
   <subfield code="a">Library has Vol. 1 No.1 1991, Vol. 3 No.3 1993-</subfield>
  </datafield>
  <datafield tag="650" ind1="0" ind2="0">
   <subfield code="a">Fisheries -- </subfield>
   <subfield code="x">Periodicals </subfield>
  </datafield>
  <datafield tag="650" ind1="0" ind2="0">
   <subfield code="a">Fishes -- </subfield>
   <subfield code="x">Periodicals </subfield>
  </datafield>
  <datafield tag="999" ind1=" " ind2=" ">
   <subfield code="a">1100088779</subfield>
   <subfield code="b">Jurnal</subfield>
   <subfield code="c">Jurnal Berjilid</subfield>
   <subfield code="e">STACKROOM 1</subfield>
  </datafield>
  <datafield tag="999" ind1=" " ind2=" ">
   <subfield code="a">1100088780</subfield>
   <subfield code="b">Jurnal</subfield>
   <subfield code="c">Jurnal Berjilid</subfield>
   <subfield code="e">STACKROOM 1</subfield>
  </datafield>
 </record>
</collection>
